00838pam a2200265 a 4500999001500000001000400015003000900019005001700028008004100045020001500086040003300101050002200134082001600156100002300172245005500195250001300250260003700263300004400300490002500344504003900369650002200408650001600430942001200446952011400458 c4982d4982217BD-DhUAP20201126102645.0201126s1995 enka b 001 0 eng c a0838582354 aDNLM/DLCcDLCdBD-DhUAPbeng00aQP34.5b.G35 198700a612 GAN2231 aGanong, William F.10aReview of medical physiology /cWilliam F. Ganong. a17th ed. aLondon :bPrentice-Hall,cc1995. ax, 780 pages :billustrations ;c26 cm. aa LANGE medical book aIncludes bibliographies and index. 0aHuman physiology. 2aPhysiology. 2ddccBK 00102ddc4070aUAPCLbUAPCLcGeneral Stacksd2020-11-26o612 GANp3010000217r2020-11-26t1w2020-11-26yBK